[Event "EU-ch 14th"]
[Site "Legnica"]
[Date "2013.05.11"]
[Round "7"]
[White "Musialkiewicz, Pawel"]
[Black "Mazur, Stefan"]
[Result "1-0"]
[WhiteElo "2160"]
[BlackElo "2402"]
[PlyCount "99"]
[EventDate "2013.05.05"]
[EventType "swiss"]
[EventRounds "11"]
[EventCountry "POL"]
[SourceTitle "CBM 155"]
[Source "ChessBase"]
[SourceDate "2013.07.16"]
[SourceVersion "1"]
[SourceVersionDate "2013.07.16"]
[SourceQuality "1"]

1. d4 Nf6 2. c4 g6 3. Nc3 Bg7 4. e4 d6 5. f3 0-0 6. Be3 a6 7. Qd2 Nbd7 8. Bd3 c5 9. Nge2 cxd4 10. Nxd4 Ne5 11. Be2 b6 12. 0-0 Bb7 13. Rac1 Rc8 14. b3 e6 15. Rfd1 Qc7 16. Bf1 Ned7 17. Qf2 Qb8 18. Nde2 Ba8 19. Nf4 Kh8 20. h4 Rfe8 21. a4 Kg8 22. b4 Ne5 23. Nb1 Bh6 24. Nh5 Nxh5 25. Bxh6 Bxe4 26. fxe4 Ng4 27. Qf3 Nxh6 28. g4 Ng7 29. g5 Nhf5 30. exf5 Nxf5 31. Qf2 a5 32. b5 d5 33. Nd2 Red8 34. cxd5 Rxd5 35. Ne4 Rxc1 36. Rxc1 Kg7 37. Re1 Rd4 38. Bh3 Qd8 39. h5 Rxa4 40. h6+ Kf8 41. Bxf5 gxf5 42. Nf6 Rb4 43. Nxh7+ Kg8 44. Nf6+ Kh8 45. Qe2 Qd4+ 46. Qe3 Qh4 47. Rd1 Rg4+ 48. Nxg4 Qxg4+ 49. Kf2 Kh7 50. Qd4 1-0

[Event "EU-ch 14th"]
[Site "Legnica"]
[Date "2013.05.08"]
[Round "4"]
[White "Rindlisbacher, Lars"]
[Black "Musialkiewicz, Pawel"]
[Result "1-0"]
[WhiteElo "2312"]
[BlackElo "2160"]
[PlyCount "71"]
[EventDate "2013.05.05"]
[EventType "swiss"]
[EventRounds "11"]
[EventCountry "POL"]
[SourceTitle "CBM 155"]
[Source "ChessBase"]
[SourceDate "2013.07.16"]
[SourceVersion "1"]
[SourceVersionDate "2013.07.16"]
[SourceQuality "1"]

1. e4 e6 2. d4 d5 3. e5 c5 4. c3 Nc6 5. Nf3 Qb6 6. a3 Nh6 7. b4 cxd4 8. Bxh6 gxh6 9. cxd4 Bd7 10. Be2 Bg7 11. 0-0 0-0 12. Nc3 f6 13. Na4 Qd8 14. b5 Ne7 15. Nc5 Bc8 16. exf6 Rxf6 17. Qd2 Ng6 18. Nd3 Rf5 19. a4 Qd6 20. Rae1 a6 21. Nde5 Nxe5 22. Nxe5 Bxe5 23. dxe5 Qxe5 24. Bd3 Qf4 25. Qc2 Rf7 26. Re3 axb5 27. Rf3 Qe5 28. Rxf7 Kxf7 29. Bxb5 Kg7 30. Rb1 Qd6 31. Rb3 Bd7 32. Qc3+ e5 33. Bxd7 Qxd7 34. Qxe5+ Kg8 35. Rg3+ Kf8 36. Qh8+ 1-0

[Event "EU-ch 14th"]
[Site "Legnica"]
[Date "2013.05.07"]
[Round "3"]
[White "Musialkiewicz, Pawel"]
[Black "Yildiz Kadioglu, Betul Cemre"]
[Result "1/2-1/2"]
[WhiteElo "2160"]
[BlackElo "2325"]
[PlyCount "69"]
[EventDate "2013.05.05"]
[EventType "swiss"]
[EventRounds "11"]
[EventCountry "POL"]
[SourceTitle "CBM 155"]
[Source "ChessBase"]
[SourceDate "2013.07.16"]
[SourceVersion "1"]
[SourceVersionDate "2013.07.16"]
[SourceQuality "1"]

1. d4 Nf6 2. c4 e6 3. Nc3 Bb4 4. Qc2 0-0 5. Bg5 h6 6. Bh4 d6 7. a3 Bxc3+ 8. Qxc3 Nbd7 9. e3 b6 10. Ne2 Bb7 11. Qc2 c5 12. Rd1 Qe7 13. Nc3 cxd4 14. Rxd4 Rfd8 15. f3 Ne5 16. Be2 Ng6 17. Bxf6 Qxf6 18. 0-0 Qg5 19. Qd2 Nh4 20. Rg4 Qe7 21. Rd4 Rac8 22. b3 d5 23. cxd5 exd5 24. Bd3 Qg5 25. Rg4 Qe7 26. Ne2 Re8 27. Kf2 h5 28. Rd4 Qg5 29. Ng3 Ng6 30. Nf5 Qf6 31. Qb4 a5 32. Qd2 Re6 33. Re1 Rce8 34. g4 Ne5 35. Rg1 1/2-1/2

[Event "EU-ch 14th"]
[Site "Legnica"]
[Date "2013.05.06"]
[Round "2"]
[White "Rzayev, Bahruz Iqbal Oglu"]
[Black "Musialkiewicz, Pawel"]
[Result "1-0"]
[WhiteElo "2411"]
[BlackElo "2160"]
[PlyCount "101"]
[EventDate "2013.05.05"]
[EventType "swiss"]
[EventRounds "11"]
[EventCountry "POL"]
[SourceTitle "CBM 155"]
[Source "ChessBase"]
[SourceDate "2013.07.16"]
[SourceVersion "1"]
[SourceVersionDate "2013.07.16"]
[SourceQuality "1"]

1. e4 e6 2. d4 d5 3. Nd2 dxe4 4. Nxe4 Nd7 5. Nf3 Ngf6 6. Nxf6+ Nxf6 7. Bd3 c5 8. 0-0 cxd4 9. Nxd4 Be7 10. c3 0-0 11. Qf3 Qd5 12. Bf4 Qxf3 13. Nxf3 Rd8 14. Rfd1 Bd7 15. a4 Rac8 16. Nd4 a6 17. Nb3 Nd5 18. Bg3 Nb6 19. Be4 Bxa4 20. Rxd8+ Rxd8 21. Na5 Rd1+ 22. Rxd1 Bxd1 23. Bxb7 Na4 24. Nc6 Kf8 25. c4 Bb3 26. Bxa6 Nxb2 27. Nxe7 Kxe7 28. c5 Bd5 29. Bd6+ Kd7 30. h4 g6 31. Bb5+ Bc6 32. Bf1 Bd5 33. Kh2 Bc4 34. Bxc4 Nxc4 35. Bf8 f5 36. Kg3 e5 37. h5 gxh5 38. Kh4 Nd2 39. Kxh5 Kc6 40. Kg5 f4 41. Kf5 f3 42. g4 Kd5 43. c6 Nc4 44. c7 Nb6 45. Bg7 e4 46. Bh6 Nc8 47. Bf4 Nb6 48. g5 Nc8 49. Kf6 Kc6 50. Kg7 Kd7 51. Kxh7 1-0

[Event "EU-ch 14th"]
[Site "Legnica"]
[Date "2013.05.05"]
[Round "1"]
[White "Musialkiewicz, Pawel"]
[Black "Cyborowski, Lukasz"]
[Result "0-1"]
[WhiteElo "2160"]
[BlackElo "2543"]
[PlyCount "80"]
[EventDate "2013.05.05"]
[EventType "swiss"]
[EventRounds "11"]
[EventCountry "POL"]
[SourceTitle "CBM 155"]
[Source "ChessBase"]
[SourceDate "2013.07.16"]
[SourceVersion "1"]
[SourceVersionDate "2013.07.16"]
[SourceQuality "1"]

1. d4 Nf6 2. c4 g6 3. Nc3 Bg7 4. e4 0-0 5. f3 c6 6. Be3 d5 7. e5 Nfd7 8. cxd5 Nb6 9. dxc6 Nxc6 10. f4 Bf5 11. Nf3 Nb4 12. Rc1 Rc8 13. a3 N6d5 14. Bd2 Nxc3 15. bxc3 Na2 16. Be2 Nxc1 17. Qxc1 Be6 18. 0-0 Qd7 19. Ne1 Bc4 20. Bxc4 Rxc4 21. Nc2 e6 22. Ne3 Rc6 23. Qb2 Rd8 24. Ra1 Ra6 25. g4 f6 26. exf6 Bxf6 27. g5 Bg7 28. Ng4 Rb6 29. Qa2 Qd5 30. Kf2 Kh8 31. Kg3 Qb3 32. Qxb3 Rxb3 33. Kf2 Rxd4 34. Ke2 Rd6 35. Ra2 Kg8 36. c4 Rc6 37. Ne3 Rb2 38. Rxb2 Bxb2 39. a4 Bd4 40. Nc2 Bg1 0-1

[Event "POL-ch U18"]
[Site "Szczyrk"]
[Date "2013.??.??"]
[Round "1"]
[White "Borawski, Jakub"]
[Black "Musialkiewicz, Pawel"]
[Result "1-0"]
[WhiteElo "1946"]
[BlackElo "2182"]
[PlyCount "125"]
[EventDate "2013.03.17"]
[EventType "swiss"]
[EventRounds "9"]
[EventCountry "POL"]
[SourceTitle "CBM 153 Extra"]
[Source "ChessBase"]
[SourceDate "2013.04.22"]
[SourceVersion "1"]
[SourceVersionDate "2013.04.22"]
[SourceQuality "1"]

1. e4 e6 2. d4 d5 3. Nc3 Nf6 4. e5 Nfd7 5. Nf3 c5 6. dxc5 Nc6 7. Bf4 Bxc5 8. Bd3 f6 9. exf6 Qxf6 10. Bg3 0-0 11. 0-0 Nd4 12. Nxd4 Bxd4 13. Qh5 g6 14. Qe2 Nc5 15. Rae1 Nxd3 16. cxd3 Bd7 17. Be5 Bxe5 18. Qxe5 Qxe5 19. Rxe5 Rac8 20. f4 b5 21. a3 Rfe8 22. Rf2 a5 23. Ne2 Kf7 24. Nd4 Ke7 25. Re1 Kd6 26. Rfe2 Rb8 27. g3 b4 28. axb4 Rxb4 29. Nf3 Reb8 30. Ra1 a4 31. Ra2 Rb3 32. Rd2 R8b4 33. Kf2 Bb5 34. Ne5 g5 35. Nf7+ Ke7 36. Nxg5 Bxd3 37. Ra3 Rxa3 38. bxa3 Rb3 39. Ra2 h6 40. Nf3 Bb1 41. Ra1 Rb2+ 42. Ke3 Rb3+ 43. Kf2 Bf5 44. Ra2 Kd6 45. Nd4 Rd3 46. Ne2 Kc5 47. Rc2+ Kb5 48. Rc3 Rxc3 49. Nxc3+ Kc4 50. Nxa4 d4 51. Ke2 Kb3 52. Nc5+ Kc2 53. a4 d3+ 54. Nxd3 Bxd3+ 55. Ke3 Kc3 56. a5 h5 57. h3 Bf1 58. g4 hxg4 59. hxg4 Kb4 60. g5 Kxa5 61. g6 e5 62. f5 Kb6 63. f6 1-0